[Event "DEM U14w 2025"]
[Site "Willingen GER"]
[Date "2025.06.11"]
[Round "6"]
[White "Richter, Anastasia"]
[Black "Chen, Yueyi"]
[Result "1-0"]
[Termination "normal"]
[Board "6"]
[WhiteElo "1753"]
[BlackElo "1851"]
[WhiteClock "00:17:07"]
[BlackClock "00:11:00"]
[PlyCount "120"]
[WhiteFideId "34659099"]
[BlackFideId "34653902"]
[EventCountry "GER"]
[EventRounds "9"]
[EventType "swiss"]
[EventDate "2025.06.07"]

1. e4 {[%clk 01:30:59]} c5 {[%clk 01:30:53]} {[%emt 00:00:08]} 2. Nf3 {[%clk
01:31:24]} {[%emt 00:00:04]} e6 {[%clk 01:31:17]} {[%emt 00:00:06]} 3. c4
{[%clk 01:31:28]} {[%emt 00:00:27]} Nc6 {[%clk 01:29:00]} {[%emt 00:02:46]} 4.
Nc3 {[%clk 01:30:12]} {[%emt 00:01:46]} Nd4 {[%clk 01:28:05]} {[%emt 00:01:26]}
5. b3 {[%clk 01:20:07]} {[%emt 00:10:35]} Ne7 {[%clk 01:26:04]} {[%emt
00:02:30]} 6. Bb2 {[%clk 01:07:33]} {[%emt 00:13:03]} Nec6 {[%clk 01:24:26]}
{[%emt 00:02:09]} 7. Nxd4 {[%clk 01:06:32]} {[%emt 00:01:31]} cxd4 {[%clk
01:22:18]} {[%emt 00:02:39]} 8. Ne2 {[%clk 00:59:37]} {[%emt 00:07:23]} Bc5
{[%clk 01:20:41]} {[%emt 00:02:08]} 9. Nf4 {[%clk 00:56:46]} {[%emt 00:03:20]}
d6 {[%clk 01:17:46]} {[%emt 00:03:26]} 10. Nd3 {[%clk 00:44:12]} {[%emt
00:13:04]} a5 {[%clk 01:14:10]} {[%emt 00:04:06]} 11. Be2 {[%clk 00:41:26]}
{[%emt 00:03:14]} Ne5 {[%clk 01:10:27]} {[%emt 00:04:16]} 12. O-O {[%clk
00:34:39]} {[%emt 00:07:17]} a4 {[%clk 01:03:10]} {[%emt 00:07:47]} 13. Nxe5
{[%clk 00:29:12]} {[%emt 00:05:56]} dxe5 {[%clk 01:03:20]} {[%emt 00:00:20]}
14. d3 {[%clk 00:29:29]} {[%emt 00:00:13]} a3 {[%clk 01:02:21]} {[%emt
00:01:30]} 15. Bc1 {[%clk 00:29:52]} {[%emt 00:00:06]} Bb4 {[%clk 01:01:24]}
{[%emt 00:01:27]} 16. Bd2 {[%clk 00:26:56]} {[%emt 00:03:26]} Qa5 {[%clk
00:48:54]} {[%emt 00:13:00]} 17. Bxb4 {[%clk 00:26:58]} {[%emt 00:00:29]} Qxb4
{[%clk 00:49:19]} {[%emt 00:00:04]} 18. Qe1 {[%clk 00:27:04]} {[%emt 00:00:24]}
Qd6 {[%clk 00:44:07]} {[%emt 00:05:42]} 19. b4 {[%clk 00:25:21]} {[%emt
00:02:13]} Bd7 {[%clk 00:41:50]} {[%emt 00:02:47]} 20. Rb1 {[%clk 00:24:24]}
{[%emt 00:01:27]} O-O {[%clk 00:39:10]} {[%emt 00:03:10]} 21. Qd2 {[%clk
00:21:06]} {[%emt 00:03:46]} f5 {[%clk 00:36:05]} {[%emt 00:03:37]} 22. Bf3
{[%clk 00:16:05]} {[%emt 00:05:31]} f4 {[%clk 00:28:20]} {[%emt 00:08:15]} 23.
Rfc1 {[%clk 00:15:25]} {[%emt 00:01:09]} g5 {[%clk 00:23:46]} {[%emt 00:05:05]}
24. Bd1 {[%clk 00:09:33]} {[%emt 00:06:21]} Qe7 {[%clk 00:21:48]} {[%emt
00:02:29]} 25. h3 {[%clk 00:08:19]} {[%emt 00:01:43]} Ba4 {[%clk 00:18:02]}
{[%emt 00:04:17]} 26. Bg4 {[%clk 00:07:13]} {[%emt 00:01:36]} Qf7 {[%clk
00:16:14]} {[%emt 00:02:18]} 27. b5 {[%clk 00:06:13]} {[%emt 00:01:30]} h5
{[%clk 00:16:22]} {[%emt 00:00:22]} 28. Bf3 {[%clk 00:05:53]} {[%emt 00:00:49]}
Qg6 {[%clk 00:16:12]} {[%emt 00:00:41]} 29. Qe2 {[%clk 00:05:49]} {[%emt
00:00:32]} g4 {[%clk 00:09:04]} {[%emt 00:07:40]} 30. hxg4 {[%clk 00:06:10]}
{[%emt 00:00:08]} hxg4 {[%clk 00:09:07]} {[%emt 00:00:27]} 31. Bxg4 {[%clk
00:06:15]} {[%emt 00:00:25]} f3 {[%clk 00:07:17]} {[%emt 00:02:21]} 32. Bxf3
{[%clk 00:05:51]} {[%emt 00:00:53]} Rf4 {[%clk 00:06:54]} {[%emt 00:00:54]} 33.
Kf1 {[%clk 00:03:16]} {[%emt 00:03:03]} Qg5 {[%clk 00:05:13]} {[%emt 00:02:12]}
34. g3 {[%clk 00:02:29]} {[%emt 00:01:16]} Rf7 {[%clk 00:04:41]} {[%emt
00:01:03]} 35. Bh5 {[%clk 00:01:57]} {[%emt 00:01:02]} Rh7 {[%clk 00:03:08]}
{[%emt 00:02:04]} 36. Bf3 {[%clk 00:01:56]} {[%emt 00:00:30]} Rf8 {[%clk
00:02:22]} {[%emt 00:01:17]} 37. Bg4 {[%clk 00:00:33]} {[%emt 00:01:53]} Rh1+
{[%clk 00:01:13]} {[%emt 00:01:39]} 38. Kg2 {[%clk 00:00:58]} {[%emt 00:00:05]}
Rxc1 {[%clk 00:01:34]} {[%emt 00:00:09]} 39. Rxc1 {[%clk 00:00:39]} {[%emt
00:00:49]} Qxc1 {[%clk 00:02:01]} {[%emt 00:00:03]} 40. Bxe6+ {[%clk 00:00:58]}
{[%emt 00:00:11]} Kg7 {[%clk 00:00:40]} {[%emt 00:01:51]} 41. Qg4+ {[%clk
00:29:39]} {[%emt 00:01:48]} Kh6 {[%clk 00:22:30]} {[%emt 00:08:41]} 42. Qh4+
{[%clk 00:26:40]} {[%emt 00:03:27]} Kg6 {[%clk 00:21:42]} {[%emt 00:01:19]} 43.
Bf5+ {[%clk 00:26:40]} {[%emt 00:00:29]} Rxf5 {[%clk 00:21:56]} {[%emt
00:00:18]} 44. exf5+ {[%clk 00:27:04]} {[%emt 00:00:07]} Kxf5 {[%clk 00:21:39]}
{[%emt 00:00:46]} 45. Qe4+ {[%clk 00:26:41]} {[%emt 00:00:52]} Kf6 {[%clk
00:21:15]} {[%emt 00:00:54]} 46. Qxb7 {[%clk 00:26:32]} {[%emt 00:00:39]} Bd1
{[%clk 00:19:09]} {[%emt 00:02:36]} 47. Qc6+ {[%clk 00:19:49]} {[%emt
00:07:12]} Kg5 {[%clk 00:17:35]} {[%emt 00:02:05]} 48. Qe4 {[%clk 00:19:38]}
{[%emt 00:00:38]} Qb2 {[%clk 00:12:47]} {[%emt 00:05:22]} 49. Qxe5+ {[%clk
00:19:58]} {[%emt 00:00:09]} Kg4 {[%clk 00:12:54]} {[%emt 00:00:24]} 50. Qf4+
{[%clk 00:18:18]} {[%emt 00:02:09]} Kh5 {[%clk 00:13:08]} {[%emt 00:00:16]} 51.
Qf5+ {[%clk 00:18:33]} {[%emt 00:00:14]} Kh6 {[%clk 00:12:51]} {[%emt
00:00:49]} 52. Qf6+ {[%clk 00:18:49]} {[%emt 00:00:11]} Kh5 {[%clk 00:12:44]}
{[%emt 00:00:40]} 53. b6 {[%clk 00:18:07]} {[%emt 00:01:11]} Bg4 {[%clk
00:09:17]} {[%emt 00:03:57]} 54. Qh4+ {[%clk 00:15:44]} {[%emt 00:02:52]} Kg6
{[%clk 00:09:43]} {[%emt 00:00:06]} 55. Qxg4+ {[%clk 00:16:07]} {[%emt
00:00:06]} Kf6 {[%clk 00:10:09]} {[%emt 00:00:04]} 56. Qf4+ {[%clk 00:16:04]}
{[%emt 00:00:30]} Ke6 {[%clk 00:10:27]} {[%emt 00:00:16]} 57. Qc7 {[%clk
00:16:07]} {[%emt 00:00:26]} Qxa2 {[%clk 00:09:43]} {[%emt 00:01:15]} 58. b7
{[%clk 00:16:24]} {[%emt 00:00:13]} Qb2 {[%clk 00:10:09]} {[%emt 00:00:04]} 59.
b8=Q {[%clk 00:16:42]} {[%emt 00:00:12]} Qxb8 {[%clk 00:10:35]} {[%emt
00:00:04]} 60. Qxb8 {[%clk 00:17:07]} {[%emt 00:00:05]} a2 {[%clk 00:11:00]}
{[%emt 00:00:05]} 1-0

[Event "DEM U14w 2025"]
[Site "Willingen GER"]
[Date "2025.06.11"]
[Round "6"]
[White "Rössling, Laura Marie"]
[Black "Bakó, Isabella"]
[Result "1-0"]
[Termination "normal"]
[Board "7"]
[WhiteElo "1760"]
[BlackElo "1654"]
[WhiteClock "00:34:38"]
[BlackClock "00:34:59"]
[PlyCount "118"]
[WhiteFideId "16289471"]
[BlackFideId "16287266"]
[EventCountry "GER"]
[EventRounds "9"]
[EventType "swiss"]
[EventDate "2025.06.07"]

1. e4 {[%clk 01:30:56]} {[%emt 00:00:04]} c5 {[%clk 01:30:50]} {[%emt
00:00:10]} 2. Nf3 {[%clk 01:31:15]} {[%emt 00:00:11]} d6 {[%clk 01:31:03]}
{[%emt 00:00:17]} 3. d4 {[%clk 01:31:34]} {[%emt 00:00:10]} cxd4 {[%clk
01:31:27]} {[%emt 00:00:07]} 4. Nxd4 {[%clk 01:31:47]} {[%emt 00:00:17]} Nf6
{[%clk 01:31:43]} {[%emt 00:00:14]} 5. Nc3 {[%clk 01:31:54]} {[%emt 00:00:22]}
g6 {[%clk 01:32:02]} {[%emt 00:00:12]} 6. Be3 {[%clk 01:32:10]} {[%emt
00:00:14]} Bg7 {[%clk 01:32:25]} {[%emt 00:00:07]} 7. f3 {[%clk 01:32:27]}
{[%emt 00:00:13]} O-O {[%clk 01:32:44]} {[%emt 00:00:11]} 8. Qd2 {[%clk
01:32:24]} {[%emt 00:00:32]} Nc6 {[%clk 01:33:06]} {[%emt 00:00:08]} 9. O-O-O
{[%clk 01:32:33]} {[%emt 00:00:21]} d5 {[%clk 01:33:28]} {[%emt 00:00:09]} 10.
Kb1 {[%clk 01:32:27]} {[%emt 00:00:35]} Nxd4 {[%clk 01:07:30]} {[%emt
00:26:29]} 11. e5 {[%clk 01:32:16]} {[%emt 00:00:41]} Nf5 {[%clk 00:55:07]}
{[%emt 00:12:53]} 12. exf6 {[%clk 01:32:24]} {[%emt 00:00:22]} exf6 {[%clk
00:54:24]} {[%emt 00:01:13]} 13. Bc5 {[%clk 01:32:32]} {[%emt 00:00:22]} Re8
{[%clk 00:53:24]} {[%emt 00:01:29]} 14. Qxd5 {[%clk 01:28:15]} {[%emt
00:04:47]} Qa5 {[%clk 00:44:22]} {[%emt 00:09:26]} 15. Bf2 {[%clk 01:13:49]}
{[%emt 00:15:02]} Qc7 {[%clk 00:35:25]} {[%emt 00:09:27]} 16. Qc4 {[%clk
01:03:02]} {[%emt 00:11:14]} Qxc4 {[%clk 00:33:02]} {[%emt 00:02:56]} 17. Bxc4
{[%clk 01:03:11]} {[%emt 00:00:21]} a6 {[%clk 00:31:46]} {[%emt 00:01:46]} 18.
g4 {[%clk 00:59:06]} {[%emt 00:04:35]} Nh6 {[%clk 00:26:07]} {[%emt 00:06:09]}
19. Bb3 {[%clk 00:50:31]} {[%emt 00:09:05]} Be6 {[%clk 00:24:53]} {[%emt
00:01:44]} 20. Nd5 {[%clk 00:48:55]} {[%emt 00:02:06]} Rac8 {[%clk 00:21:28]}
{[%emt 00:03:55]} 21. Bd4 {[%clk 00:44:48]} {[%emt 00:04:37]} Bxd5 {[%clk
00:20:43]} {[%emt 00:01:16]} 22. Bxd5 {[%clk 00:45:03]} {[%emt 00:00:14]} Re2
{[%clk 00:19:06]} {[%emt 00:02:08]} 23. Bxb7 {[%clk 00:40:06]} {[%emt
00:05:26]} Rcxc2 {[%clk 00:16:51]} {[%emt 00:02:45]} 24. Bxa6 {[%clk 00:39:12]}
{[%emt 00:01:25]} Rxh2 {[%clk 00:16:20]} {[%emt 00:01:01]} 25. Rxh2 {[%clk
00:38:59]} {[%emt 00:00:43]} Rxh2 {[%clk 00:16:44]} {[%emt 00:00:05]} 26. Bg1
{[%clk 00:38:01]} {[%emt 00:01:28]} Rh1 {[%clk 00:15:49]} {[%emt 00:01:24]} 27.
b4 {[%clk 00:33:30]} {[%emt 00:05:03]} Bf8 {[%clk 00:15:00]} {[%emt 00:01:19]}
28. a3 {[%clk 00:33:01]} {[%emt 00:00:59]} g5 {[%clk 00:12:10]} {[%emt
00:03:21]} 29. Bd3 {[%clk 00:30:43]} {[%emt 00:02:47]} f5 {[%clk 00:03:51]}
{[%emt 00:08:49]} 30. gxf5 {[%clk 00:22:44]} {[%emt 00:08:29]} g4 {[%clk
00:03:14]} {[%emt 00:01:06]} 31. fxg4 {[%clk 00:22:06]} {[%emt 00:01:09]} Nxg4
{[%clk 00:03:35]} {[%emt 00:00:09]} 32. Kc2 {[%clk 00:21:36]} {[%emt 00:00:59]}
Bh6 {[%clk 00:02:13]} {[%emt 00:01:52]} 33. Be2 {[%clk 00:14:49]} {[%emt
00:07:18]} Be3 {[%clk 00:01:26]} {[%emt 00:01:17]} 34. Bxg4 {[%clk 00:14:41]}
{[%emt 00:00:37]} Rxg1 {[%clk 00:01:21]} {[%emt 00:00:36]} 35. Rxg1 {[%clk
00:14:26]} Bxg1 {[%clk 00:01:48]} {[%emt 00:00:47]} 36. a4 {[%clk 00:14:13]}
{[%emt 00:00:44]} Kf8 {[%clk 00:01:20]} {[%emt 00:00:58]} 37. Kc3 {[%clk
00:13:42]} {[%emt 00:01:00]} Ke7 {[%clk 00:01:28]} {[%emt 00:00:23]} 38. Kc4
{[%clk 00:13:38]} {[%emt 00:00:33]} Kd6 {[%clk 00:01:23]} {[%emt 00:00:35]} 39.
a5 {[%clk 00:09:43]} {[%emt 00:04:25]} f6 {[%clk 00:01:02]} {[%emt 00:00:51]}
40. b5 {[%clk 00:09:02]} {[%emt 00:01:11]} Ba7 {[%clk 00:00:58]} {[%emt
00:00:35]} 41. b6 {[%clk 00:04:37]} {[%emt 00:04:56]} Bb8 {[%clk 00:29:03]}
{[%emt 00:02:25]} 42. a6 {[%clk 00:34:30]} {[%emt 00:00:36]} Kc6 {[%clk
00:28:52]} {[%emt 00:00:40]} 43. a7 {[%clk 00:34:50]} {[%emt 00:00:10]} Bxa7
{[%clk 00:29:14]} {[%emt 00:00:08]} 44. bxa7 {[%clk 00:35:09]} {[%emt
00:00:12]} Kb7 {[%clk 00:29:40]} {[%emt 00:00:04]} 45. Kd5 {[%clk 00:35:21]}
{[%emt 00:00:18]} h6 {[%clk 00:29:39]} {[%emt 00:00:30]} 46. Ke6 {[%clk
00:35:36]} {[%emt 00:00:15]} Kxa7 {[%clk 00:29:51]} {[%emt 00:00:19]} 47. Kxf6
{[%clk 00:35:54]} {[%emt 00:00:12]} Kb7 {[%clk 00:30:19]} {[%emt 00:00:02]} 48.
Ke7 {[%clk 00:36:04]} {[%emt 00:00:19]} Kc6 {[%clk 00:30:42]} {[%emt 00:00:07]}
49. f6 {[%clk 00:36:29]} {[%emt 00:00:06]} Kd5 {[%clk 00:31:05]} {[%emt
00:00:07]} 50. f7 {[%clk 00:36:45]} {[%emt 00:00:14]} Ke5 {[%clk 00:31:25]}
{[%emt 00:00:10]} 51. f8=Q {[%clk 00:37:01]} {[%emt 00:00:14]} Ke4 {[%clk
00:31:51]} {[%emt 00:00:02]} 52. Qf5+ {[%clk 00:37:00]} {[%emt 00:00:31]} Kd4
{[%clk 00:32:17]} {[%emt 00:00:06]} 53. Bh5 {[%clk 00:37:02]} {[%emt 00:00:28]}
Ke3 {[%clk 00:32:41]} {[%emt 00:00:06]} 54. Qg4 {[%clk 00:37:17]} {[%emt
00:00:14]} Kd3 {[%clk 00:33:07]} {[%emt 00:00:05]} 55. Kd6 {[%clk 00:37:23]}
{[%emt 00:00:23]} Ke3 {[%clk 00:33:31]} {[%emt 00:00:06]} 56. Kd5 {[%clk
00:37:28]} {[%emt 00:00:25]} Kd3 {[%clk 00:33:57]} {[%emt 00:00:05]} 57. Qd4+
{[%clk 00:37:07]} {[%emt 00:00:51]} Kc2 {[%clk 00:34:18]} {[%emt 00:00:09]} 58.
Bg6+ {[%clk 00:36:02]} {[%emt 00:01:34]} Kb3 {[%clk 00:34:40]} {[%emt
00:00:08]} 59. Bd3 {[%clk 00:34:38]} {[%emt 00:01:54]} Ka3 {[%clk 00:34:59]}
{[%emt 00:00:11]} 1-0

[Event "DEM U14w 2025"]
[Site "Willingen GER"]
[Date "2025.06.11"]
[Round "6"]
[White "Tu, Audrey"]
[Black "Averkova, Mariia"]
[Result "0-1"]
[Termination "normal"]
[Board "8"]
[WhiteElo "1753"]
[BlackElo "1759"]
[WhiteClock "00:05:32"]
[BlackClock "00:32:11"]
[PlyCount "120"]
[WhiteFideId "34628568"]
[BlackFideId "34651470"]
[EventCountry "GER"]
[EventRounds "9"]
[EventType "swiss"]
[EventDate "2025.06.07"]

1. e4 {[%clk 01:30:54]} {[%emt 00:00:02]} d5 {[%clk 01:15:54]} {[%emt
00:00:08]} 2. exd5 {[%clk 01:31:08]} {[%emt 00:00:15]} Nf6 {[%clk 01:16:20]}
{[%emt 00:00:04]} 3. Nc3 {[%clk 01:30:47]} {[%emt 00:00:51]} Nxd5 {[%clk
01:16:21]} {[%emt 00:00:29]} 4. d4 {[%clk 01:30:16]} {[%emt 00:01:00]} Bf5
{[%clk 01:14:30]} {[%emt 00:02:21]} 5. a3 {[%clk 01:18:46]} {[%emt 00:12:01]}
e6 {[%clk 01:13:02]} {[%emt 00:01:57]} 6. Bd3 {[%clk 01:15:48]} {[%emt
00:03:29]} Bg6 {[%clk 01:09:54]} {[%emt 00:03:38]} 7. Nf3 {[%emt 00:09:36]} Be7
{[%clk 01:08:07]} {[%emt 00:02:15]} 8. Nxd5 {[%clk 00:58:28]} {[%emt 00:08:46]}
Qxd5 {[%clk 01:06:11]} {[%emt 00:02:25]} 9. Bf4 {[%clk 00:55:14]} {[%emt
00:03:44]} Bxd3 {[%clk 01:00:11]} {[%emt 00:06:30]} 10. Qxd3 {[%clk 00:54:36]}
{[%emt 00:01:08]} c6 {[%clk 00:58:45]} {[%emt 00:01:57]} 11. O-O {[%clk
00:43:50]} {[%emt 00:11:15]} Nd7 {[%clk 00:58:07]} {[%emt 00:01:09]} 12. c4
{[%clk 00:39:55]} {[%emt 00:04:24]} Qh5 {[%clk 00:52:18]} {[%emt 00:06:19]} 13.
c5 {[%clk 00:35:34]} {[%emt 00:04:52]} Qd5 {[%clk 00:48:11]} {[%emt 00:04:36]}
14. b4 {[%clk 00:30:15]} {[%emt 00:05:49]} O-O {[%clk 00:48:02]} {[%emt
00:00:38]} 15. Nd2 {[%clk 00:27:34]} {[%emt 00:03:11]} a5 {[%clk 00:41:47]}
{[%emt 00:06:46]} 16. Nc4 {[%clk 00:25:21]} {[%emt 00:02:43]} axb4 {[%clk
00:38:29]} {[%emt 00:03:49]} 17. axb4 {[%clk 00:25:32]} {[%emt 00:00:18]} Bf6
{[%clk 00:38:28]} {[%emt 00:00:30]} 18. Rad1 {[%clk 00:20:30]} {[%emt
00:05:34]} Ra4 {[%clk 00:35:42]} {[%emt 00:03:13]} 19. Bd6 {[%clk 00:12:06]}
{[%emt 00:08:56]} Rfa8 {[%clk 00:35:07]} {[%emt 00:01:04]} 20. Qc3 {[%clk
00:10:06]} {[%emt 00:02:31]} R8a6 {[%clk 00:33:10]} {[%emt 00:02:27]} 21. Be5
{[%clk 00:07:04]} {[%emt 00:03:31]} Be7 {[%clk 00:30:33]} {[%emt 00:03:08]} 22.
Bg3 {[%clk 00:05:26]} {[%emt 00:02:07]} b5 {[%clk 00:28:53]} {[%emt 00:02:11]}
23. Ne3 {[%clk 00:04:52]} {[%emt 00:01:04]} Qe4 {[%clk 00:28:46]} {[%emt
00:00:37]} 24. Ra1 {[%clk 00:04:38]} {[%emt 00:00:43]} h6 {[%clk 00:27:25]}
{[%emt 00:01:51]} 25. Rxa4 {[%clk 00:04:48]} {[%emt 00:00:21]} Rxa4 {[%clk
00:27:51]} {[%emt 00:00:05]} 26. Ra1 {[%clk 00:04:50]} {[%emt 00:00:27]} Rxa1+
{[%clk 00:28:10]} {[%emt 00:00:11]} 27. Qxa1 {[%clk 00:05:19]} Bf6 {[%clk
00:28:19]} {[%emt 00:00:21]} 28. Qd1 {[%clk 00:02:26]} {[%emt 00:03:21]} Bxd4
{[%clk 00:27:32]} {[%emt 00:01:19]} 29. Nc2 {[%clk 00:02:02]} {[%emt 00:00:53]}
e5 {[%clk 00:26:50]} {[%emt 00:01:13]} 30. Nxd4 {[%clk 00:01:57]} {[%emt
00:00:35]} exd4 {[%clk 00:25:44]} {[%emt 00:01:35]} 31. f3 {[%clk 00:02:01]}
{[%emt 00:00:27]} Qd5 {[%clk 00:25:44]} {[%emt 00:00:30]} 32. Bf2 {[%clk
00:01:58]} {[%emt 00:00:32]} d3 {[%clk 00:26:11]} {[%emt 00:00:03]} 33. Qd2
{[%clk 00:01:57]} {[%emt 00:00:32]} Qc4 {[%clk 00:26:06]} {[%emt 00:00:35]} 34.
Bg3 {[%clk 00:01:22]} {[%emt 00:01:06]} Nf6 {[%clk 00:26:26]} {[%emt 00:00:09]}
35. Be1 {[%clk 00:01:04]} {[%emt 00:00:47]} Nd5 {[%clk 00:26:29]} {[%emt
00:00:27]} 36. g3 {[%clk 00:01:04]} {[%emt 00:00:31]} Qc2 {[%clk 00:26:38]}
{[%emt 00:00:21]} 37. Qxc2 {[%clk 00:00:43]} {[%emt 00:00:51]} dxc2 {[%clk
00:27:03]} {[%emt 00:00:04]} 38. Bd2 {[%clk 00:01:06]} {[%emt 00:00:08]} Nxb4
{[%clk 00:27:29]} {[%emt 00:00:04]} 39. Kf1 {[%clk 00:00:52]} {[%emt 00:00:45]}
Na2 {[%clk 00:27:47]} {[%emt 00:00:11]} 40. Ke2 {[%clk 00:00:59]} {[%emt
00:00:23]} c1=Q {[%clk 00:27:57]} {[%emt 00:00:20]} 41. Bxc1 {[%clk 00:01:26]}
{[%emt 00:00:03]} Nxc1+ {[%clk 00:28:20]} {[%emt 00:00:06]} 42. Kd2 {[%clk
00:01:16]} {[%emt 00:00:40]} Nb3+ {[%clk 00:28:42]} {[%emt 00:00:08]} 43. Kc3
{[%clk 00:01:41]} {[%emt 00:00:06]} Nxc5 {[%clk 00:29:00]} {[%emt 00:00:12]}
44. Kd4 {[%clk 00:02:04]} {[%emt 00:00:07]} b4 {[%clk 00:28:54]} {[%emt
00:00:36]} 45. Kc4 {[%clk 00:02:17]} {[%emt 00:00:17]} b3 {[%clk 00:29:17]}
{[%emt 00:00:07]} 46. Kc3 {[%clk 00:02:41]} {[%emt 00:00:06]} f5 {[%clk
00:29:36]} {[%emt 00:00:11]} 47. f4 {[%clk 00:03:07]} {[%emt 00:00:04]} Kf7
{[%clk 00:30:00]} {[%emt 00:00:06]} 48. Kb2 {[%clk 00:03:06]} {[%emt 00:00:31]}
Nd3+ {[%clk 00:29:08]} {[%emt 00:01:22]} 49. Kxb3 {[%clk 00:03:29]} {[%emt
00:00:07]} Ne1 {[%clk 00:29:25]} {[%emt 00:00:14]} 50. Kc4 {[%clk 00:03:47]}
{[%emt 00:00:11]} Nf3 {[%clk 00:29:42]} {[%emt 00:00:13]} 51. h4 {[%clk
00:03:50]} {[%emt 00:00:27]} Ng1 {[%clk 00:30:03]} {[%emt 00:00:08]} 52. Kd3
{[%clk 00:04:04]} {[%emt 00:00:18]} c5 {[%clk 00:30:17]} {[%emt 00:00:15]} 53.
Kd2 {[%clk 00:04:18]} {[%emt 00:00:16]} c4 {[%clk 00:30:32]} {[%emt 00:00:15]}
54. Ke3 {[%clk 00:04:31]} {[%emt 00:00:16]} c3 {[%clk 00:30:56]} {[%emt
00:00:07]} 55. Kd3 {[%clk 00:04:56]} {[%emt 00:00:05]} c2 {[%emt 00:00:09]} 56.
Kxc2 {[%clk 00:05:23]} Ne2 {[%clk 00:31:46]} {[%emt 00:00:04]} 57. Kd3 {[%clk
00:05:39]} {[%emt 00:00:13]} Nxg3 {[%clk 00:32:11]} {[%emt 00:00:06]} 58. Kd4
{[%clk 00:05:28]} {[%emt 00:00:42]} Ke6 {[%clk 00:31:53]} {[%emt 00:00:48]} 59.
Ke3 {[%clk 00:05:35]} {[%emt 00:00:21]} Kd5 {[%clk 00:32:10]} {[%emt 00:00:14]}
60. Kd3 {[%clk 00:05:32]} {[%emt 00:00:33]} Nh5 {[%clk 00:32:11]} {[%emt
00:00:28]} 0-1